000 004900000a22001690004500
003 MACL
005 20151216170626.0
008 151216b xxu||||| |||| 00| 0 eng d
040 _aMACL
_cMACL
041 _aEnglish
082 _a030/EBL
100 _aEblen, Ruth A
_920602
245 _aThe Environment Encyclopedia
_bVol 4 EnvironmentalAssessment Forest Products Industry
260 _bMarshall Cavendish Corporation
_c2000
650 _aEncyclopaedia
_920603
942 _cBK
_k030/EBL
_2ddc
999 _c39979
_d39979